[Event "FIDE Chess.com Grand Swiss"]
[Site "Douglas"]
[Date "2019.10.15"]
[Round "6"]
[White "Vitiugov, Nikita"]
[Black "Bluebaum, Matthias"]
[Result "1-0"]
[WhiteElo "2732"]
[BlackElo "2643"]
[Annotator "Vitiugov,N"]
[PlyCount "69"]
[EventDate "2019.10.10"]
[EventType "swiss"]
[EventRounds "11"]
[EventCountry "IOM"]
[SourceTitle "CBM 193"]
[Source "ChessBase"]
[SourceDate "2019.12.31"]
[SourceVersion "1"]
[SourceVersionDate "2019.12.31"]
[SourceQuality "1"]

{This game was played in the 6th round. The day before, also having White, I
played really poor game with Alex Lenderman, but managed to hold a draw. The
main thing I wanted after this terrible performance - just to play a normal
game.} 1. c4 e6 2. Nc3 Nf6 3. e4 d5 {Matthias already played this line, so it
didn't come as a surprise. However, the line is absolutely ok for Black, and I
just went in a new (for me) direction.} 4. e5 ({All the modern discussion after
} 4. cxd5 exd5 5. e5 Ne4 6. Nf3 Bf5 7. d3 {has started with my game in 2017
with a Norwegian IM:} Nxc3 8. bxc3 c5 9. d4 Nc6 10. Bd3 Qd7 11. Bxf5 Qxf5 12.
O-O Be7 13. dxc5 Rd8 14. Be3 O-O 15. Rb1 $16 {1-0 (42) Vitiugov,N (2720)
-Elsness,F (2466) Khanty-Mansiysk 2017}) 4... d4 5. exf6 dxc3 6. bxc3 Qxf6 7.
d4 e5 8. Nf3 exd4 (8... Nc6 {leads to more complicated battle.}) 9. Bg5 Qe6+
10. Be2 Be7 {A very solid, but a bit passive line.} 11. Nxd4 ({After} 11. Bxe7
{Black has the important intermedio} d3 $1 12. O-O Qxe7 13. Bxd3 O-O) (11. cxd4
Bxg5 12. Nxg5 Qg6 13. f4 O-O 14. O-O h6 15. Nf3 Nc6 16. Rc1 Qd6 17. Qd2 Bg4 18.
c5 Qf6 19. d5 Rad8 20. Bc4 Ne7 {1/2-1/2 (49) Navara,D (2727)-Harikrishna,P 
(2732) Prague 2018}) 11... Qe4 12. Bxe7 Qxe7 13. O-O O-O 14. Re1 Qf6 15. Bf3 {
All natural moves have been made. My opponent took a deep thought came up with
a very strange, artificial move.} Qa6 $2 ({The normal way is} 15... c6 16. Re3
{and Black should decide where to develop the knight - a6 or d7.}) 16. Bd5 {
The previous move seemed so bad to me that I wanted to win or at least to get
a huge advantage on the spot. Black has a whole side undeveloped, and still he
plays with the queen moving it away from the king - what can be more
provocative!} ({There were a lot of good moves here, but the computer likes} 
16. Nb5 Qa5 17. Re7 Nc6 18. Bxc6 bxc6 19. Nxc7 Rb8 {I considered it, but
wasn't sure about my knight. However, it is more than +1 after} 20. Qd4 Qxa2
21. Rae1 $36) 16... c6 {This looks terrible from human point of view, but
objectively it works.} (16... Nd7 $2 17. Ne6 $1 {and it is over}) ({But there
was also} 16... Qf6 {and I don't think White has anything better than} 17. Re3
c6 18. Bf3 {and the game transposes to 15...c6.}) 17. Bxf7+ Kxf7 18. Qh5+ ({
I calculated} 18. Qf3+ Kg8 19. Qg3 {and correctly rejected it because of} c5 (
19... Qa3 $1 $19 {was in my blind spot}) 20. Nb5 Qf6 21. Nc7 Na6 22. Nxa8 Bd7
23. Rad1 (23. Nc7 Nxc7 24. Qxc7 Qxf2+ 25. Kh1 Bc6 $44) 23... Bc6 24. Rd6 Qf7
25. Red1 Qe7 $1 {and White isn't better.}) 18... Kg8 19. Re8 Qxc4 $2 {During
and after the game we both were sure that the game was correct and it was all
about 15...Qa6? But things turned out to be more complicated:} (19... Qa3 $1 {
It might be a good exercise to find out this move, thinking about 16.Bd5.
Luckily, White isn't losing, says the engine. I feel it the opposite way -
Black is holding by miracle. Anyway, the result is the same - draw.} 20. c5
Qxc3 21. Rxf8+ Kxf8 22. Rd1 Na6 23. Qxh7 Qxc5 24. Qh8+ Kf7 25. Re1 Qxd4 26.
Qe8+ Kf6 27. Qe7+ Kg6 28. Qe8+ $11) 20. Rxf8+ Kxf8 21. Re1 Bd7 22. Qg5 {
Now it is over.} Qxc3 (22... Na6 23. Re7 $18) 23. Qd8+ Kf7 24. Nf3 $1 {The key
move. The rook is protected, checks are coming.} h6 25. Ne5+ ({More forcing was
} 25. Re7+ Kg6 26. Ne5+ Kh5 (26... Kh7 27. Rxg7+ {with mate}) 27. g4+ $18)
25... Ke6 26. Kf1 {An elegant way of executing.} Kd6 (26... Qxe1+ 27. Kxe1 Kxe5
28. Qc7+ Kd5 29. Qxb7 $18) 27. Nxd7 Qd3+ 28. Kg1 Nxd7 29. Qxa8 {The rest
doesn't need any comments.} Qd2 30. Rf1 Qxa2 31. Qxb7 Qa4 32. Qb2 Nf6 33. Re1
Qa5 34. Qd4+ Nd5 35. Qe5+ 1-0

[Event "American Continental 13th"]
[Site "Medellin"]
[Date "2017.06.17"]
[Round "10"]
[White "Ynojosa Aponte, Felix Jose"]
[Black "Peralta, Fernando"]
[Result "1/2-1/2"]
[WhiteElo "2395"]
[BlackElo "2569"]
[Annotator "Ynojosa,F/Macieja,B"]
[PlyCount "86"]
[EventDate "2017.06.10"]
[EventType "swiss"]
[EventRounds "11"]
[EventCountry "COL"]
[SourceTitle "CBM 183"]
[Source "ChessBase"]
[SourceDate "2018.03.14"]
[SourceVersion "1"]
[SourceVersionDate "2018.03.14"]
[SourceQuality "1"]

1. c4 Nf6 2. Nc3 e6 3. e4 d5 4. e5 d4 5. exf6 dxc3 6. bxc3 Qxf6 7. d4 {Now
Black has only two reasonable continuations: ...c5 or ...e5, attacking the
centre.} e5 (7... c5 8. Nf3 cxd4 (8... h6 9. Bd3 $14) 9. Bg5 Qf5 10. cxd4 Bb4+
11. Bd2 $14) (7... Nc6 8. Nf3 e5 {is just a transposition.}) 8. Nf3 Nc6 (8...
exd4 9. Bg5 Qe6+ 10. Be2 {is another line, for instance} Be7 11. cxd4 Bxg5 12.
Nxg5 Qf6 13. Qd2 O-O 14. O-O Nc6 15. d5 Nd4 16. Ne4 Nxe2+ 17. Qxe2 $14 {
Aronian - Kramnik, Moscow 2011}) 9. d5 $6 (9. dxe5 $2 Nxe5 10. Qe2 Bd6 $17 11.
c5 $2 O-O 12. cxd6 Bg4 $19) ({More common is} 9. Bg5 Qg6 10. d5 Nb8 11. h4 h6
12. h5 Qd6 13. Be3 $14) 9... e4 $1 10. dxc6 $6 (10. Ng5 {was the correct
reaction.} Qxc3+ $1 11. Bd2 Qe5 12. dxc6 e3 $1 13. fxe3 {There is nothing
better.} Qxg5 14. cxb7 Bxb7 15. Qa4+ c6 (15... Kd8 16. Be2 $5 (16. Rd1 Bd6 17.
c5 Qxc5 18. Be2 $44) (16. Qb5 Qxb5 17. cxb5 $11) 16... Qxg2 17. Rf1 $44) 16.
Rb1 O-O-O $1 (16... Qh4+ 17. g3 Qe4 18. Rxb7 Qxh1 19. Rxa7 $16) 17. Qxa7 Rd7
18. Rxb7 Rxb7 19. Qa8+ Kc7 20. Ba5+ Kd6 21. Qxb7 Qxa5+ $11) ({Now it is
already too late to play} 10. Bg5 $2 {due to} Qxc3+ 11. Bd2 Qf6 $17) 10... exf3
11. Qxf3 Qxf3 12. gxf3 bxc6 {Neither player can be proud of his pawn structure,
but White has problems on both wings.} 13. Be3 c5 14. Bd3 f5 {Black is
limiting both White's bishops.} 15. Rb1 a6 (15... Bd6 $6 16. Rb5) (15... Bd7 $5
) 16. Bf4 $1 {Right decision. White can't allow his opponent to develop a
bishop to d6.} Bd6 17. Bxd6 cxd6 18. Rb6 (18. Kd2 {was safer. White should be
able to hold the endgame easily.}) 18... Kd7 $1 {Black gains time.} 19. Bxf5+ {
Accepting the challenge.} ({Objectively, I should have played} 19. Kd2 Kc7 20.
Rhb1 $15) 19... Kc7 20. Be4 Kxb6 21. Bxa8 Be6 22. Bd5 Bxd5 23. cxd5 Kb5 ({Also
} 23... c4 24. Kd2 Kc5 {desired attention.} 25. Rb1 Rf8) 24. Rg1 Kc4 $6 {
Tempting, but wrong.} (24... g6 25. Rg4 (25. Kd2 Rf8 $17) 25... c4 26. Re4 Kc5
{followed by ...Rb8 would give him good winning chances.}) 25. Kd2 $1 (25. Rxg7
Kxc3 $17) 25... g6 26. Rg4+ (26. Re1 Rb8) (26. h4 Rb8) 26... Kxd5 27. c4+ Ke6
28. Re4+ {White has lost a pawn, but he has improved the activity of his
pieces.} Kd7 29. Rf4 Ke6 30. Re4+ Kf6 31. Rf4+ Ke7 32. Re4+ Kd7 33. Rf4 Rb8 34.
Rf7+ Ke6 35. Rxh7 Rb2+ 36. Ke3 Rxa2 37. Rg7 Kf6 38. Rd7 Ke6 39. Rg7 {Now it's
a dead draw, I'm going to attack d6 and g6 and he can only defend one at a
time.} Kf6 40. Rd7 Ke5 41. f4+ Ke6 42. Rg7 Kf6 {Black can't avoid a repetition,
as after} (42... Kf5 43. Rf7+ Kg4 $2 44. f3+ Kh3 (44... Kh5 $4 45. Rh7#) 45.
Rh7+ Kg2 46. Rh6 {he will get into trouble.}) 43. Rd7 Ke6 1/2-1/2